00560 2200205 4500001002100000005001500021035002000036007000300056008004100059020001800100082001000118084001600128100002600144245007500170260003200245300003000277650001600307700001800323990001300341INLIS00000000000056020230104080022 a0010-0123000027ta230104 g 0 ind  a979-722-204-7 a294.5 a294.5 BHA s0 aBhasya Of Sayanacarya1 aSamaveda :bSamhita /cBhasya Of Sayanacarya,penerjemah: Dewanto, S.S. aSurabaya :bParamita,c2005 a506 hlm. :bIlus ;c24 cm 4aAgama Hindu0 aDewanto, S.S. a06800680